Most Popular Bands of all time - Statistics

General Stats
  • This quiz has been taken 213 times
  • The average score is 21 of 50
Answer Stats
# Band % Correct
1 The Beatles
98%
5 The Rolling Stones
86%
3 Queen
79%
22 Nirvana
74%
2 Led Zeppelin
71%
8 Metallica
71%
6 AC/DC
70%
4 Pink Floyd
64%
31 Black Sabbath
60%
23 The Who
59%
9 Guns N' Roses
57%
7 Eagles
54%
10 Aerosmith
52%
24 The Beach Boys
52%
16 U2
52%
28 Green Day
51%
26 The Doors
49%
43 Kiss
48%
13 Red Hot Chili Peppers
48%
39 ABBA
47%
37 The Police
46%
11 Fleetwood Mac
45%
15 Bon Jovi
43%
34 Foo Fighters
41%
25 Coldplay
40%
29 Pearl Jam
40%
19 Creedence Clearwater Revival
39%
17 Van Halen
39%
41 Genesis
38%
45 ZZ Top
38%
18 Journey
34%
33 Def Leppard
33%
27 Lynyrd Skynyrd
32%
42 R.E.M.
31%
12 Linkin Park
30%
44 Rush
29%
49 Blink-182
23%
21 Chicago
22%
14 Maroon 5
22%
50 Dire Straits
21%
35 Heart
21%
47 Electric Light Orchestra
18%
30 Foreigner
17%
20 Santana
16%
32 Nickelback
15%
38 Tom Petty and the Heartbreakers
15%
36 Fall Out Boy
14%
48 Panic! at the Disco
13%
46 Gorillaz
11%
40 OneRepublic
5%
No matching quizzes found
Score Distribution
Percent of People with Each Score
Percentile by Number Answered
Your Score History
You have not taken this quiz